Viabilidad de una red de áreas marinas protegidas en el Caribe colombiano (Registro nro. 20141)

Detalles MARC
000 -CABECERA
Campo de control 00495nam a22001697a 4500
005 - FECHA Y HORA DE LA ULTIMA TRANSACCION
Campo de control 20180323151134.0
008 - ELEMENTOS DE LONGITUD FIJA—INFORMACION GENERAL
Campo de control 180323b2009 ck ||||| ||||a00| 0 spa d
020 ## - ISBN
ISBN 9789588448268
040 ## - FUENTE DE CATALOGACIÓN
Agencia catalogadora original CO-BoIAVH
Agencia transcriptora CO-BoIAVH
041 ## - IDIOMA
Código de idioma para texto/pista de sonido o título separado Español
044 ## - PAÍS DE PUBLICACIÓN
País de publicación Colombia
090 ## - CLASIFICACIÓN LOCAL
Colección FG-
Consecutivo 0282
245 00 - MENCION DE TITULO
Título Viabilidad de una red de áreas marinas protegidas en el Caribe colombiano
260 ## - PUBLICACION, DISTRIBUCION, ETC. (PIE DE IMPRENTA)
Lugar de publicación, distribución, etc. Santa Marta:
Nombre del editor, distribuidor, etc. invemar,
Fecha de publicación, distribución, etc. 2009.
300 ## - DESCRIPCION FISICA
Extensión 21 páginas,
Otros detalles físicos fotografías y mapas a color
942 ## - ELEMENTOS ADICIONALES (KOHA)
Sistema de clasificación Local
Tipo de ítem Folleto
Existencias
Withdrawn status Lost status Sistema de Clasificación Damaged status No para préstamo Colección Ubicación Permanente Ubicación actual Fecha de adquisición Fuente de Valor Valor Total Checkouts Número topográfico Inventario / Código de Barras Date last seen Ejemplar Price effective from Forma de adquisición Tipo de material
    Local     Hemeroteca Bogotá Bogotá 23/03/2018 Instituto 15000.00   FG-0282 034507 23/03/2018 Ej. 1 23/03/2018 Canje Folleto
    Local     Hemeroteca Bogotá Bogotá 31/01/2020       FG-0282 034679 31/01/2020 Ej. 2 31/01/2020 Donación Folleto